Misteri remaja jilid 4

Bibliographic Details
Main Author: Othman Puteh
Format: Book
Language:English
Published: Kuala Lumpur Utusan Publications & Distributors 2003
Series:Karya klasik moden remaja
Subjects:
LEADER 00619cam a2200205 a 4500
001 0000069400
005 20090828090000.0
040 |a mod 
041 |a eng 
020 0 0 |a 9676113999 
090 0 0 |a FM  |b OTH  |e 2003 
100 0 0 |a Othman Puteh 
245 1 0 |a Misteri remaja jilid 4  |c Othman Puteh 
260 0 0 |a Kuala Lumpur  |b Utusan Publications & Distributors  |c 2003 
300 0 0 |a 319ms.  |c 19cm 
440 0 0 |a Karya klasik moden remaja 
650 0 0 |a Malay fiction 
852 0 0 |a 01 
999 |a 0219822  |b 4 BGD  |d BOOKS  |e Fiksyen (FM)  |f 4 BGD  |j AVAILABLE  |q GOOD CONDITION 
999 |a 0277583  |b IJED  |d BOOKS  |e Fiksyen (FM)  |f 4 DIV  |j AVAILABLE  |q GOOD CONDITION